000 01235cam a22002771i 4500
003 SA-RiAUC
005 20250111103117.0
008 250110s1978 sy g 00010 ara c
040 _aSA-JeALM
_bara
_cSA-RiAUC
_erda
082 0 4 _a213
_qSA-RiAUC
090 _a213
_bا ب ن ج
100 1 _aابن الجوزي، عبد الرحمن بن علي بن محمد،
_d508-597 هجري
_eمؤلف.
245 1 0 _aصيد الخاطر /
_cتأليف ابن الجوزي ؛ راجعه ووضع مقدمته وعلق عليه علي الطنطاوي ؛ حققه ووضع فهارسه وعناوين فصوله ناجي الطنطاوي.
250 _aالطبعة الرابعة.
264 1 _aدمشق :
_bدار الفكر،
_c1987
300 _a448 صفحة ؛
_c24 سم
336 _aنص
_btxt
_2rdacontent
_3كتاب
337 _aبدون وسيط
_bn
_2rdamedia
338 _aمجلد
_bnc
_2rdacarrier
650 7 _aالوعظ والإرشاد
_2aucsh
650 7 _aالدعوة الإسلامية
_2aucsh
700 1 _aالطنطاوي، ناجي،
_d1914-1999
_eمحقق.
700 1 _aالطنطاوي، علي مصطفى محمد،
_d1909-1999
_eمراجع.
942 _2ddc
_cBOOK
_n0
949 _aSA-JeALM
_d250110
_umohamedma123
_n1
999 _c4584
_d4584